Welcome to CU Library Online Public Access Catalogue (OPAC)

Law, Liberty and Morality (Record no. 6654)

MARC details
000 -LEADER
fixed length control field 00451nam a22001697a 4500
003 - CONTROL NUMBER IDENTIFIER
control field OSt
005 - DATE AND TIME OF LATEST TRANSACTION
control field 20250624221111.0
008 - FIXED-LENGTH DATA ELEMENTS--GENERAL INFORMATION
fixed length control field 250624b |||||||| |||| 00| 0 eng d
040 ## - CATALOGING SOURCE
Transcribing agency DLC
100 ## - MAIN ENTRY--PERSONAL NAME
Personal name Hart, H. L. A.
245 ## - TITLE STATEMENT
Title Law, Liberty and Morality
260 ## - PUBLICATION, DISTRIBUTION, ETC.
Place of publication, distribution, etc. Standford ;
Name of publisher, distributor, etc. Standford University Press
Date of publication, distribution, etc. c1963
300 ## - PHYSICAL DESCRIPTION
Extent iii, 88 pages
500 ## - GENERAL NOTE
General note Includes Index, Selected Bibliography
600 ## - SUBJECT ADDED ENTRY--PERSONAL NAME
Source of heading or term Law of Morality
942 ## - ADDED ENTRY ELEMENTS (KOHA)
Source of classification or shelving scheme Library of Congress Classification
Koha item type Books
Suppress in OPAC No
Holdings
Withdrawn status Lost status Source of classification or shelving scheme Damaged status Not for loan Collection Home library Current library Shelving location Date acquired Total checkouts Full call number Barcode Date last seen Copy number Price effective from Koha item type
    Library of Congress Classification     Non-fiction Law Library (Christ Temple) Law Library (Christ Temple) Reference 06/24/2025   K487 HAR LLCT00000767 06/24/2025 1 06/24/2025 Books
© 2023-2024 Copyright: Central University Libraries. All Rights Reserved | Created by: Mahone Tech Office